County Tyrone Quiz - Statistics

General Stats
  • This quiz has been taken 7 times
  • The average score is 14 of 20
Answer Stats
Hint Answer % Correct
Bordering counties Armagh
100%
Bordering counties Derry/Londonderry
100%
Bordering counties Donegal
100%
Bordering counties Fermanagh
100%
First Minister of Northern Ireland since 2024 Michelle O'Neill
100%
Bordering counties Monaghan
100%
County town of Tyrone Omagh
100%
Irish country music singer known as "The Queen of Country", who had a massive hit in Ireland in 1975 with her version of "Blanket on the Ground" Philomena Begley
100%
Province that Tyrone is in Ulster
100%
GAA footballer, who won 2 All Ireland Winning medals and scored 11 of Tyrone's 12 points in the 1995 All Ireland Final (which they lost by one point to Dublin) Peter Canavan
83%
Museum of emigration near the county town Ulster American Folk Park
83%
Civil rights campaigner who became the youngest ever (at the time) female MP in 1969 and broke the traditional Irish republican policy of abstentionism to take her seat in Westminster. Bernadette Devlin
67%
Golfer whose only Major win was the 2011 Open Championship Darren Clarke
67%
New Zealand actor born in the county town Sam Neill
67%
Traditional song: "The Flower of Sweet ..." Strabane
50%
Playwright who wrote "Philadelphia, Here I Come!", "Faith Healer" and "Translations" Brian Friel
33%
Footballer who played for Northern Ireland under 21 team but has played for the Republic of Irleland senior team since 2012. Played with Wrexham AFC for a historic 3 consecutive promotions. James McLean
33%
Starred as Deco the lead singer in the Alan Parker film "The Commitments" Andrew Strong
17%
Journalist and Author of "At Swim-Two-Birds" and "The Third Policeman" Flann O'Brien
17%
Former Irish cricket captain, who played for Ireland between 2008 and 2022. First Irishman to score over 1000 runs in a calendar year. William Porterfield
17%
No matching quizzes found
Score Distribution
Percent of People with Each Score
Percentile by Number Answered
Your Score History
You have not taken this quiz